[Event "TCh-SLO"]
[Site "Ljubljana SLO"]
[Date "2011.05.29"]
[Round "3"]
[White "Lenic,L"]
[Black "Brumen,D"]
[Result "1-0"]
[WhiteElo "2637"]
[BlackElo "2355"]

1.d4 e6 2.c4 Nf6 3.Nc3 d5 4.Nf3 c6 5.e3 Nbd7 6.Qc2 Bd6 7.b3 O-O 8.Be2 Qe7
9.O-O b6 10.Bb2 Bb7 11.Rfe1 dxc4 12.bxc4 e5 13.a4 a6 14.Rab1 Rab8 15.Bd3 Rfe8
16.Ne4 Bb4 17.Nxf6+ gxf6 18.Bxh7+ Kh8 19.Qe4 Bxe1 20.Rxe1 c5 21.Qh4 Kg7 22.Bf5 Rh8
23.Qg4+ Kf8 24.d5 Bc8 25.Nd2 b5 26.axb5 axb5 27.Ne4 bxc4 28.d6 Qd8 29.Bc3 Nb6
30.Ba5 Rg8 31.Qh3 Bb7 32.Qh6+ Rg7 33.Nxf6 Qxd6 34.Bxb6 Bxg2 35.Qh8+ Ke7 36.Qxg7  1-0

[Event "TCh-SLO"]
[Site "Ljubljana SLO"]
[Date "2011.05.29"]
[Round "3"]
[White "Tratar,M"]
[Black "Martinovic,Sa"]
[Result "1/2-1/2"]
[WhiteElo "2489"]
[BlackElo "2527"]

1.d4 d5 2.c4 c6 3.e3 Nf6 4.Nc3 e6 5.Nf3 a6 6.c5 Nbd7 7.b4 b6 8.a3 Be7 9.Bd3 a5
10.Bb2 O-O 11.O-O Ba6 12.h3 Qc7 13.Bxa6 Rxa6 14.Qe2 Rfa8 15.Rfc1 axb4 16.axb4 Rxa1
17.Rxa1 Rxa1+ 18.Bxa1 Qb7 19.Qa2 Ne8 20.Ne2 Nc7 21.Bc3 Bf6 22.Qa1 Nb5 23.Bb2 Nc7
24.Bc3 Nb5 25.Bb2 Nc7  1/2-1/2

[Event "TCh-FRA Top 12 2011"]
[Site "Mulhouse FRA"]
[Date "2011.05.29"]
[Round "4.5"]
[White "Collas,S"]
[Black "Babault,P"]
[Result "1-0"]
[WhiteElo "2315"]
[BlackElo "2400"]

1.d4 d5 2.Nf3 Nf6 3.c4 c6 4.Nc3 e6 5.e3 Nbd7 6.Qc2 Bd6 7.Bd3 O-O 8.O-O dxc4
9.Bxc4 a6 10.a4 c5 11.dxc5 Bxc5 12.Rd1 Qc7 13.Qe2 b6 14.b3 Bb7 15.Bb2 Ng4
16.h3 Nge5 17.Nxe5 Nxe5 18.Rac1 Qc6 19.e4 Nxc4 20.Qxc4 f5 21.Rd2 fxe4 22.Nd1 a5
23.Ne3 Qe8 24.Qc3 Qe7 25.Qe5 Rf7 26.Rcd1 Bc6 27.Ng4 Rf5 28.Nh6+ gxh6 29.Rd8+ Rxd8
30.Rxd8+ Be8 31.Qh8+  1-0

[Event "TCh-FRA Top 12 2011"]
[Site "Mulhouse FRA"]
[Date "2011.05.29"]
[Round "4.4"]
[White "Fressinet,L"]
[Black "Brunner,N"]
[Result "1-0"]
[WhiteElo "2677"]
[BlackElo "2450"]

1.d4 d5 2.c4 c6 3.Nc3 Nf6 4.e3 e6 5.Nf3 Nbd7 6.Bd3 dxc4 7.Bxc4 b5 8.Bd3 Bd6
9.Bd2 Bb7 10.Rc1 Rc8 11.Ng5 a5 12.Qf3 Ba8 13.O-O Be7 14.Qh3 b4 15.Na4 c5
16.Bg6 O-O 17.Bxh7+ Kh8 18.dxc5 Nxc5 19.Nxc5 Rxc5 20.Rxc5 Bxc5 21.Bg6+ Kg8
22.Bxf7+ Rxf7 23.Qh8+  1-0

[Event "Chicago Open"]
[Site "Wheeling USA"]
[Date "2011.05.29"]
[Round "6"]
[White "Mulyar,M"]
[Black "Ramirez,Alej"]
[Result "0-1"]
[WhiteElo "2399"]
[BlackElo "2579"]

1.d4 Nf6 2.c4 c6 3.Nc3 d5 4.e3 e6 5.Nf3 a6 6.b3 Bb4 7.Bd2 O-O 8.Bd3 Nbd7
9.O-O Bd6 10.e4 dxc4 11.bxc4 e5 12.d5 cxd5 13.Nxd5 Nxd5 14.cxd5 Nc5 15.Be3 Qe7
16.Rc1 Bg4 17.Bxc5 Bxc5 18.h3 Bd7 19.Qb3 b6 20.a4 Rfc8 21.Rc2 Qf6 22.Nd2 Bd4
23.Nf3 Bc5 24.Nd2 Qf4 25.Be2 Bd4 26.Rxc8+ Rxc8 27.Nf3 Qxe4 28.Nxd4 Qxd4 29.Bxa6 Bxa4
30.Qe3 Rc5 31.Qxd4 exd4 32.Ra1 Ra5 33.Bc4 Bd7 34.Rb1 b5 35.Kf1 Kf8 36.d6 Ke8
37.Bd3 Kd8 38.Rb4 Ra4 39.Rb2 Ra5 40.Rb4 Ra4 41.Rb2 Ra6 42.Bxh7 g6 43.Bg8 Ke8
44.Re2+ Be6  0-1

[Event "Chicago Open"]
[Site "Wheeling USA"]
[Date "2011.05.29"]
[Round "6"]
[White "Bercys,S"]
[Black "Veech,John"]
[Result "1-0"]
[WhiteElo "2468"]
[BlackElo "2108"]

1.d4 d5 2.c4 e6 3.Nf3 Nf6 4.Nc3 c6 5.e3 Nbd7 6.Qc2 Bd6 7.g4 dxc4 8.Bxc4 e5
9.g5 Nd5 10.Ne4 Bc7 11.Bd2 O-O 12.O-O-O exd4 13.Nxd4 Ne5 14.Be2 Qe7 15.Rhg1 Bb6
16.Bc3 Kh8 17.Ng3 Nxc3 18.Qxc3 Qc5 19.Qxc5 Bxc5 20.Ne4 Bxd4 21.Rxd4 b6 22.f4 c5
23.Rd2 Bb7 24.Nd6 Nf3 25.Bxf3 Bxf3 26.e4 f6 27.f5 Bh5 28.g6 hxg6 29.fxg6 Kg8
30.Rg3 Rfd8 31.Rd5 Be2 32.Kd2 Bf1 33.Ke1 Ba6 34.Rh3 Bc8 35.Rh8+  1-0

[Event "3rd Orissa Open"]
[Site "Bhubaneswar IND"]
[Date "2011.05.30"]
[Round "4"]
[White "Swapnil,SD"]
[Black "Mohammad,As"]
[Result "1/2-1/2"]
[WhiteElo "2425"]
[BlackElo "2128"]

1.d4 d5 2.c4 c6 3.Nc3 Nf6 4.e3 e6 5.Nf3 Nbd7 6.Qc2 b6 7.Bd3 Bb7 8.O-O Bd6
9.e4 dxe4 10.Nxe4 Nxe4 11.Bxe4 h6 12.b3 Qe7 13.Bb2 Nf6 14.Bd3 O-O 15.Rad1 c5
16.d5 exd5 17.Rfe1 Qd8 18.cxd5 a6 19.Qd2 Nd7 20.Bb1 Re8 21.Rxe8+ Qxe8 22.Re1 Qd8
23.Qc3 f6 24.Qd3 Nf8 25.Nh4 Qd7 26.Nf5 Rd8 27.Qf3 Qf7 28.Nxh6+ gxh6 29.Bxf6 Re8
30.Rxe8 Qxe8 31.Qg4+ Ng6 32.Qxg6+ Qxg6 33.Bxg6 Bxd5 34.Bc3 b5 35.Bd3 b4 36.Bb2 a5
37.Bb5 Be4 38.Bc4+ Kf8 39.f3 Bb1 40.a4 bxa3 41.Bxa3 Ba2 42.Kf2 a4 43.g3 Bxb3
44.Bxb3 axb3 45.Ke2 Ke7 46.Kd3 c4+ 47.Kxc4 Bxa3 48.Kxb3 Bc5 49.Kc4 Bg1 50.Kd3 Bxh2
51.g4 Kf6 52.Ke2 Kg5 53.Kf2 Bc7 54.Kg2 Bf4 55.Kh3 Bc7 56.Kg2 Kh4 57.Kh1 Kg3
58.f4 Bxf4 59.Kg1 Be3+ 60.Kh1 Bd4 61.g5  1/2-1/2

[Event "3rd Orissa Open"]
[Site "Bhubaneswar IND"]
[Date "2011.05.30"]
[Round "4"]
[White "Bhattacharya,N"]
[Black "Sriram,J"]
[Result "1/2-1/2"]
[WhiteElo "2157"]
[BlackElo "2446"]

1.c4 e6 2.Nf3 d5 3.e3 Nf6 4.d4 c6 5.Nc3 Nbd7 6.Qc2 Bd6 7.Bd2 O-O 8.Bd3 dxc4
9.Bxc4 b5 10.Bd3 Bb7 11.e4 e5 12.dxe5 Bxe5 13.Nxe5 Nxe5 14.Be2 Qe7 15.O-O Rfd8
16.h3 Rac8 17.a3 a6 18.Bg5 h6 19.Bxf6 Qxf6 20.f4 Nc4 21.e5 Qe7 22.Bxc4 Qc5+
23.Rf2 Qxc4 24.Ne4 Qxc2 25.Rxc2 Rd4  1/2-1/2

[Event "30th NAO Open"]
[Site "Stillwater USA"]
[Date "2011.05.30"]
[Round "10.1"]
[White "Atalik,S"]
[Black "Claassen,C"]
[Result "1-0"]
[WhiteElo "2616"]
[BlackElo "2049"]

1.d4 d5 2.Nf3 Nf6 3.c4 c6 4.Nc3 e6 5.e3 Nbd7 6.Bd3 dxc4 7.Bxc4 Be7 8.e4 O-O
9.O-O Re8 10.Qe2 Nf8 11.Rd1 Qc7 12.Bg5 Ng6 13.e5 Nd5 14.Rac1 Nxc3 15.bxc3 b6
16.h4 h6 17.Bxe7 Nxe7 18.Bd3 Bb7 19.Qe4 Nf5 20.c4 g6 21.Qf4 Kg7 22.d5 cxd5
23.cxd5 Qe7 24.d6 Qd8 25.Bxf5 gxf5 26.Rc7 Bxf3 27.gxf3 Rg8 28.Kh2 Qf8 29.Rg1+ Kh7
30.Rg3 Rc8 31.Qc4 Re8 32.d7 Rd8 33.Rxg8 Qxg8 34.Rc8 Qf8 35.Qc7  1-0

[Event "Nis Open 2011"]
[Site "Nis SRB"]
[Date "2011.05.31"]
[Round "7.1"]
[White "Djukic,Sa"]
[Black "Miljkovic,Mir1"]
[Result "0-1"]
[WhiteElo "2202"]
[BlackElo "2506"]

1.c4 Nf6 2.Nc3 e6 3.d4 d5 4.Nf3 c6 5.e3 Nbd7 6.b3 Bd6 7.Bb2 O-O 8.Be2 Qe7
9.O-O dxc4 10.bxc4 e5 11.c5 Bc7 12.Nd2 Rd8 13.Qc2 Nf8 14.Nb3 Be6 15.Rad1 exd4
16.exd4 Nd5 17.Bf3 Qf6 18.Ne4 Qg6 19.Rd2 Bf5 20.Re2 Re8 21.Kh1 Re6 22.Rg1 Bxh2  0-1

[Event "29th Liechtenstein Open"]
[Site "Triesen LIE"]
[Date "2011.05.31"]
[Round "5.7"]
[White "Kelecevic,N"]
[Black "Marentini,M"]
[Result "1/2-1/2"]
[WhiteElo "2279"]
[BlackElo "1921"]

1.d4 Nf6 2.c4 e6 3.Nf3 d5 4.Nc3 c6 5.e3 Nbd7 6.Qc2 Be7 7.a3 O-O 8.Bd3 dxc4
9.Bxc4 c5 10.dxc5 Nxc5 11.b4 Ncd7 12.Bb2 b5 13.Bxb5 Bb7 14.Qe2 a5 15.O-O axb4
16.axb4 Rxa1 17.Bxa1 Bxb4 18.Qb2 Qa5 19.Bxd7 Bxc3 20.Qxc3 Qxc3  1/2-1/2

[Event "3rd Orissa Open"]
[Site "Bhubaneswar IND"]
[Date "2011.06.01"]
[Round "6"]
[White "Murshed,N"]
[Black "Arvind,S"]
[Result "1-0"]
[WhiteElo "2455"]
[BlackElo "2295"]

1.d4 d5 2.c4 c6 3.Nc3 Nf6 4.e3 e6 5.Nf3 Nbd7 6.Qc2 Bd6 7.Bd3 O-O 8.O-O Re8
9.e4 dxc4 10.Bxc4 e5 11.Ng5 Re7 12.d5 Nb6 13.Bb3 h6 14.Nf3 cxd5 15.exd5 Bg4
16.Nd2 Bb4 17.Nde4 Rd7 18.Nxf6+ Qxf6 19.Qe4 Bxc3 20.Qxg4 Bd4 21.Be3 Rad8
22.Bxd4 exd4 23.Rad1 Nxd5 24.Qxd4 Qxd4 25.Rxd4 Nf6 26.Rxd7 Rxd7 27.Rc1 g5
28.f3 Kg7 29.Rc2 Nh5 30.g3 Nf6 31.Kf2 Re7 32.h3 Ne8 33.Rd2 Nc7 34.Rd6 Ne6
35.Bxe6 fxe6 36.Ke3 Kf6 37.Rd8 Rc7 38.Kd3 a6 39.a4 Kg6 40.b4 Kf6 41.Rh8 Kg7
42.Rb8 Kf6 43.Kd4 e5+ 44.Kd5 Rd7+ 45.Kc5 Rc7+ 46.Kb6 Rc4 47.Ka5 Rc7 48.b5 axb5
49.axb5 Kg6 50.Rf8 h5 51.Kb6 Re7 52.Rg8+ Kh6 53.Rh8+ Kg6 54.g4 hxg4 55.hxg4 e4
56.fxe4 Rxe4 57.Kxb7 Rxg4 58.b6 Rg1 59.Rc8 Kh5 60.Rc5 Rb1 61.Kc6 Kh4 62.Rb5 Rc1+
63.Kd7 Rd1+ 64.Ke7 Re1+ 65.Kf7 Rf1+ 66.Kg7 Rd1 67.b7 Rd8 68.b8=Q Rxb8 69.Rxb8 g4
70.Kg6  1-0

[Event "XX Guillermo Garcia Mem Talents"]
[Site "Santa Clara CUB"]
[Date "2011.06.01"]
[Round "11.4"]
[White "De La Torre Sanchez,Adrian"]
[Black "Bueno Perez,Jesus Angel"]
[Result "1/2-1/2"]
[WhiteElo "2080"]
[BlackElo "2063"]

1.d4 d5 2.c4 c6 3.Nc3 Nf6 4.e3 e6 5.Nf3 Nbd7 6.Bd3 Bd6 7.O-O O-O 8.b3 e5
9.cxd5 cxd5 10.dxe5 Nxe5 11.Be2 Nxf3+ 12.Bxf3 Bxh2+ 13.Kxh2 Qc7+ 14.g3 Qxc3
15.Rb1 Qc6 16.Bb2 Ne4 17.Kg2 Ng5 18.Rh1 Nxf3 19.Qxf3 Qg6 20.Rbc1 Bg4 21.Qxd5 Rad8
22.Qxb7 Rd2 23.Bc3 Rxa2 24.Ra1 Rc2 25.Rhc1 Bf5 26.Kg1 Be4 27.Qe7 Qf5 28.Rxc2 Qf3
29.Kf1 Bxc2 30.Qe5 f6 31.Qe6+ Kh8 32.b4 Be4 33.Bd4 Bd3+ 34.Kg1 Be4 35.Kf1 Bd3+
36.Kg1 Be4 37.Kf1 Qg2+ 38.Ke1 Qh1+ 39.Ke2 Qf3+ 40.Kf1 Bd5 41.Qd7 Bc4+ 42.Kg1 Bd5
43.Kf1 Qh5 44.Qxa7 Bf3 45.Ke1 Qh1+ 46.Kd2 Qg2 47.e4 Rd8 48.Qd7 Rg8 49.Rc1 Bxe4
50.Rc8 h6 51.Rxg8+ Kxg8 52.b5 Qf3 53.Be3 Bb7 54.Qd8+ Kh7 55.Qd3+ Be4 56.Qd7 Bb7
57.Kc3 Qh1 58.Kb4 Qe4+ 59.Ka5 Ba8 60.Kb6 Bd5 61.Ka7 Qa4+ 62.Kb6 Qb4 63.Kc7 Qc4+
64.Kb8 Qa2 65.Qf5+ Kg8 66.Qc8+ Kh7 67.Qa6 Qb2 68.b6 Qe5+ 69.Ka7 Qe7+ 70.b7 f5
71.Qb6 Qa3+ 72.Kb8 Qf8+ 73.Ka7 Qa3+ 74.Qa6 Qe7 75.Qb5 Qa3+ 76.Kb6 Qd6+ 77.Ka7 Qa3+
78.Kb6 Qd6+ 79.Ka7  1/2-1/2

[Event "3rd Orissa Open"]
[Site "Bhubaneswar IND"]
[Date "2011.06.02"]
[Round "7"]
[White "Kamble,V"]
[Black "Das,Say"]
[Result "1-0"]
[WhiteElo "2406"]
[BlackElo "2268"]

1.d4 d5 2.c4 c6 3.Nf3 Nf6 4.Nc3 e6 5.e3 Nbd7 6.Qc2 Bd6 7.e4 dxe4 8.Nxe4 Nxe4
9.Qxe4 Bb4+ 10.Bd2 Bxd2+ 11.Nxd2 Qf6 12.O-O-O O-O 13.Bd3 g6 14.Qe3 e5 15.Ne4 Qe7
16.Ng5 f5 17.h4 Qf6 18.dxe5 Nxe5 19.Rhe1 Nxd3+ 20.Rxd3 h6 21.Nf3 f4 22.Qe7 Bf5
23.Rd4 Qxe7 24.Rxe7 Rf7 25.Rxf7 Kxf7 26.Rxf4 Re8 27.h5 Kg7 28.Nh4 Re1+ 29.Kd2 Rb1
30.hxg6 Be6 31.Re4 Kf6 32.Kc2 Rf1 33.f3 Rf2+ 34.Kc3 c5 35.g7 Bf7 36.Rg4 Bg8
37.Rg6+ Kf7 38.Rxh6 Kxg7 39.Nf5+ Kf7 40.Rh8 Kf6 41.Rxg8 Kxf5 42.Rg7 b6 43.Rxa7 Rxg2
44.Rb7 Rg3 45.Kb3 Rxf3+ 46.Ka4 Ke5 47.Rxb6 Rf2 48.Ka3 Kd4 49.b3 Rf8 50.Ra6 Kc3
51.Ka4 Rb8 52.Ka5 Kb2 53.Rb6 Rc8 54.a4 Ra8+ 55.Kb5 Kxb3 56.a5 Kc3 57.a6 Kd4
58.Rd6+ Ke5 59.Kxc5 Rc8+ 60.Rc6 Rb8 61.a7  1-0

[Event "TCh-FRA Top 12 2011"]
[Site "Mulhouse FRA"]
[Date "2011.06.02"]
[Round "8"]
[White "Krasenkow,M"]
[Black "Fressinet,L"]
[Result "1/2-1/2"]
[WhiteElo "2619"]
[BlackElo "2677"]

1.d4 d5 2.c4 c6 3.Nc3 Nf6 4.e3 e6 5.Nf3 Nbd7 6.Qc2 Bd6 7.b3 O-O 8.Be2 b6
9.O-O Bb7 10.Bb2 Qe7 11.Rfe1 Rfe8 12.e4 Nxe4 13.Nxe4 dxe4 14.Qxe4 Bb4 15.Red1 Ba3
16.Bxa3 Qxa3 17.c5 Rad8 18.Qe3 Ba6 19.Bxa6  1/2-1/2

[Event "18th Ratten Open"]
[Site "Ratten AUT"]
[Date "2011.06.02"]
[Round "1.1"]
[White "Schreiner,Pe"]
[Black "Mayr,T"]
[Result "1-0"]
[WhiteElo "2312"]
[BlackElo "2127"]

1.d4 d5 2.c4 c6 3.Nf3 Nf6 4.Nc3 e6 5.e3 Bd6 6.Bd3 Nbd7 7.O-O O-O 8.e4 dxe4
9.Nxe4 Nxe4 10.Bxe4 f5 11.Bc2 h6 12.Re1 Qf6 13.c5 Bc7 14.Bb3 Re8 15.Bd2 Qf7
16.Qe2 Nf6 17.Ne5 Qh5 18.f3 Bxe5 19.Qxe5 Nd5 20.Bxd5 cxd5 21.Ba5 Qf7 22.Bc7 Bd7
23.Qe3 Bc6 24.Be5 Kh7 25.a4 Qd7 26.a5 a6 27.Ra3 Bb5 28.Kh1 Rg8 29.h4 Qf7
30.Kg1 Rae8 31.Kf2 Rgf8 32.Qf4 Qh5 33.Bd6 Rg8 34.Rae3 Bd7 35.Rh1 Bb5 36.Ree1 Qg6
37.Rh3 Qf6 38.Reh1 Qd8 39.b4 Qd7 40.Rg1 Bd3 41.Qd2 Bb5 42.h5 Qf7 43.Qf4 Qf6
44.Rg3 Qf7 45.Rg6 Qd7 46.Rh1 Bd3 47.Rh3 Qa4 48.Kg1 Qxb4 49.Be5 Re7 50.Rhg3 Qxa5
51.Bxg7  1-0

[Event "18th Ratten Open"]
[Site "Ratten AUT"]
[Date "2011.06.02"]
[Round "1.1"]
[White "Diermair,A"]
[Black "Antic,Dr"]
[Result "1-0"]
[WhiteElo "2435"]
[BlackElo "2144"]

1.Nf3 d5 2.d4 Nf6 3.c4 c6 4.Nc3 e6 5.e3 Nbd7 6.Qc2 Bd6 7.Bd3 O-O 8.O-O dxc4
9.Bxc4 e5 10.Bb3 Qe7 11.h3 h6 12.Nh4 Re8 13.Nf5 Qf8 14.Nxd6 Qxd6 15.Rd1 e4
16.Qe2 Nb6 17.f3 Qg3 18.Qf2 Qxf2+ 19.Kxf2 Be6 20.Bc2 Bd5 21.b3 Re6 22.Bd2 Rae8
23.Re1 Nc8 24.Ne2 g5 25.Ng3 Nd6 26.Bb4 Kh7 27.Rac1 Kg6 28.Bb1 Nf5 29.Nxf5 Kxf5
30.g4+ Kg6 31.f4 gxf4 32.exf4 Kg7 33.f5 e3+ 34.Ke2 Re4 35.Bxe4 Bxe4 36.Bd6 Nd5
37.Rg1 f6 38.Bh2 Kf7 39.Rc4 h5 40.Rcc1 Nb4 41.Kxe3 Nxa2 42.Ra1 a6 43.Be5 Nc3
44.Rgc1 Bd5 45.Rxc3 fxe5 46.dxe5 Rxe5+ 47.Kf4 Re4+ 48.Kg5 hxg4 49.hxg4 Rb4
50.Rb1 c5 51.Rxc5 Bc6 52.Rbc1 Kf8  1-0

[Event "29th Liechtenstein Open"]
[Site "Triesen LIE"]
[Date "2011.06.02"]
[Round "7.18"]
[White "Ballon,G"]
[Black "Bahl,Felix"]
[Result "1-0"]
[WhiteElo "2208"]
[BlackElo "1806"]

1.d4 d5 2.c4 c6 3.Nc3 Nf6 4.Nf3 e6 5.e3 Nbd7 6.Qc2 Be7 7.b3 b6 8.Bd3 Bb7
9.O-O c5 10.cxd5 exd5 11.Bb2 O-O 12.Rac1 Rc8 13.Qe2 Re8 14.Bb5 Bd6 15.Rfd1 Re7
16.Ba6 Bxa6 17.Qxa6 cxd4 18.Nxd4 Nc5 19.Qe2 Re5 20.Ncb5 Bb8 21.Nf3 Rh5 22.Bxf6 Qxf6
23.b4 Bxh2+ 24.Nxh2 Qh4 25.Qxh5 Qxh5 26.bxc5 Rxc5 27.Nf3 h6 28.Rxc5 bxc5
29.Nc3 d4 30.exd4 cxd4 31.Nxd4 Qa5 32.Nde2 g6 33.a4 Kg7 34.g3 h5 35.Rd4 Kf8
36.Kg2 Ke8 37.Rd5 Qb4 38.Rb5 Qc4 39.Rb8+ Ke7 40.Rb7+ Kf6 41.Rxa7 h4 42.Rd7 h3+
43.Kh2 g5 44.Rd4 Qc8 45.g4 Qa8 46.Rd5 Qa7 47.Kxh3 Ke6 48.Rf5 f6 49.Ng3 Qh7+
50.Kg2 Qb7+ 51.Nge4 Qc7 52.Rxf6+ Ke5 53.Rf5+ Kd4 54.Rd5+  1-0

[Event "TCh-FRA Top 12 2011"]
[Site "Mulhouse FRA"]
[Date "2011.06.03"]
[Round "9"]
[White "Housieaux,D"]
[Black "Roos,Dan"]
[Result "1-0"]
[WhiteElo "2436"]
[BlackElo "2389"]

1.d4 d5 2.c4 c6 3.Nc3 Nf6 4.e3 e6 5.Nf3 a6 6.Qc2 Nbd7 7.Bd2 Be7 8.g4 dxc4
9.Bxc4 Nd5 10.a3 b5 11.Be2 Bb7 12.Ne4 Qc7 13.Nc5 Nxc5 14.dxc5 a5 15.h4 h6
16.Rg1 b4 17.g5 hxg5 18.hxg5 bxa3 19.bxa3 Ba6 20.Bxa6 Rxa6 21.Ke2 Ra8 22.Rh1 Rxh1
23.Rxh1 Bf8 24.g6 f6 25.Qc4 Qd7 26.e4 Ne7 27.Rg1 Qc8 28.Nd4 e5 29.Ne6  1-0

[Event "18th Ratten Open"]
[Site "Ratten AUT"]
[Date "2011.06.03"]
[Round "3.1"]
[White "Schreiner,Pe"]
[Black "Gerhold,M"]
[Result "1-0"]
[WhiteElo "2312"]
[BlackElo "2259"]

1.Nf3 Nf6 2.d4 d5 3.c4 c6 4.Nc3 e6 5.e3 Nbd7 6.Qc2 Bd6 7.Bd3 O-O 8.O-O dxc4
9.Bxc4 b5 10.Bd3 Bb7 11.Rd1 Qc7 12.a3 a5 13.Bd2 b4 14.axb4 axb4 15.Na4 c5
16.dxc5 Bxf3 17.gxf3 Nxc5 18.Bxb4 Rac8 19.Nxc5 Bxc5 20.Rac1 Nd7 21.Ba6 Ne5
22.Qxc5 Nxf3+ 23.Kf1 Qxh2 24.Bxc8  1-0

[Event "18th Ratten Open"]
[Site "Ratten AUT"]
[Date "2011.06.03"]
[Round "3.1"]
[White "Wagner,O"]
[Black "Pichler,Mi"]
[Result "0-1"]
[WhiteElo "2121"]
[BlackElo "2276"]

1.d4 e6 2.c4 d5 3.Nf3 Nf6 4.Nc3 c6 5.e3 Nbd7 6.Qc2 a6 7.b3 Bd6 8.Bd3 Qe7
9.O-O e5 10.cxd5 cxd5 11.dxe5 Nxe5 12.Be2 Be6 13.Bb2 Rc8 14.Qd2 O-O 15.Rfd1 Neg4
16.h3 Nxf2 17.Kxf2 Rxc3  0-1

[Event "3rd Orissa Open"]
[Site "Bhubaneswar IND"]
[Date "2011.06.04"]
[Round "9"]
[White "Debashis,D"]
[Black "Das,Say"]
[Result "1-0"]
[WhiteElo "2392"]
[BlackElo "2268"]

1.d4 d5 2.c4 c6 3.Nf3 Nf6 4.e3 e6 5.Nc3 Nbd7 6.Bd3 dxc4 7.Bxc4 b5 8.Bd3 Bd6
9.O-O O-O 10.b3 Bb7 11.Bb2 Qe7 12.a4 b4 13.Ne4 Nxe4 14.Bxe4 f5 15.Bd3 c5
16.Bc4 Nf6 17.Rc1 cxd4 18.Nxd4 Nd5 19.Bb5 Rac8 20.Qe2 Bb8 21.g3 Qd6 22.Rfd1 Rxc1
23.Rxc1 Ne7 24.Bc4 Nd5 25.Rd1 Rd8 26.e4 fxe4 27.Qxe4 Bc8 28.Nf5 Qf8 29.Nxg7 Nc3
30.Rxd8 Nxe4 31.Rxf8+ Kxf8 32.Nxe6+ Ke8 33.Bb5+ Ke7 34.Nd4 Bd6 35.Nc6+ Kf8
36.Nxa7 Be6 37.Nc6 Nc3 38.Nd4 Bf7 39.Bd3 Bc5 40.Nb5 Nxb5 41.axb5 Bxb3 42.Bxh7 Bc4
43.h4 Bxb5 44.h5 Be7 45.Bc2 Bg5 46.f4 Bh6 47.Be5 Be2 48.Bd6+ Kg8 49.Bxb4 Bxh5
50.Kf2 Bg7 51.Bc5 Bg4 52.Be4 Bc3 53.Bf3 Be6 54.g4 Kf7 55.Kg3 Bc4 56.Be4 Be1+
57.Bf2 Bd2 58.g5 Be2 59.g6+ Kg7 60.Bd4+ Kh6 61.f5 Bh5 62.Kf2 Bb4 63.Ke3 Kg5
64.Kd3 Be7 65.Kc4 Kf4 66.g7  1-0

[Event "Mayor's Cup of Good Wine"]
[Site "Hustopece CZE"]
[Date "2011.06.04"]
[Round "3"]
[White "Laznicka,V"]
[Black "Sosna,J"]
[Result "1-0"]
[WhiteElo "2681"]
[BlackElo "2392"]

1.d4 d5 2.c4 e6 3.Nc3 c6 4.e3 Nf6 5.Nf3 Nbd7 6.b3 Bb4 7.Bd2 Qe7 8.Bd3 dxc4
9.bxc4 e5 10.Be2 O-O 11.O-O Re8 12.Rb1 exd4 13.Nxd4 Nf8 14.Qb3 Bd6 15.Rfd1 Ng6
16.Be1 h5 17.Qc2 Qe5 18.g3 Ng4 19.Nf3 Qe7 20.Rd4 Bc5 21.Re4 Qf8 22.Rxe8 Qxe8
23.Ne4 Bf8 24.c5 b6 25.Nd6 Bxd6 26.cxd6 Be6 27.Ng5 Rd8 28.Rd1 Bc8 29.Bc4 N4e5
30.Bxf7+ Nxf7 31.Qxg6 Nxg5 32.Qxg5 Bg4 33.Bc3 Rd7 34.Rd4 Qe6 35.h3 Bf3 36.Rf4 Qd5
37.Qxd5+ Bxd5 38.e4 Bxa2 39.e5 a5 40.g4 hxg4 41.hxg4 a4 42.Rxa4 Be6 43.Kg2 c5
44.Kg3 b5 45.Ra8+ Kh7 46.f4 b4 47.Bd2 Rb7 48.Re8 Bf7 49.Rf8 b3 50.Bc3 Bd5
51.f5 b2 52.Bxb2 Rxb2 53.d7 Rb3+ 54.Kh4  1-0

[Event "TCh-SLO"]
[Site "Maribor SLO"]
[Date "2011.06.04"]
[Round "5"]
[White "Mihalcisin,A"]
[Black "Zupe,M"]
[Result "1/2-1/2"]
[WhiteElo "2513"]
[BlackElo "2338"]

1.d4 d5 2.c4 c6 3.Nf3 Nf6 4.Nc3 e6 5.e3 Nbd7 6.Qc2 Bd6 7.Bd3 O-O 8.O-O dxc4
9.Bxc4 b5 10.Be2 a6 11.Rd1 Qe7 12.Ng5 Bb7 13.Nce4 Nxe4 14.Nxe4 Bc7 15.Bd2 f5
16.Ng3 c5 17.dxc5 Nxc5 18.Bb4 Bb6 19.a4 f4 20.Nf1 Qg5 21.f3 fxe3 22.Ng3 bxa4
23.Rd6 Ba7 24.Bxc5 Qxc5 25.Qxc5 Bxc5 26.Rxe6 Rfd8 27.Rxa4 Rd1+ 28.Nf1 Re1
29.Rc4 Bd5 30.Re5 Bxc4 31.Bxc4+ Kh8 32.Rxc5 e2 33.Kf2 Rxf1+ 34.Kxe2 Rc1 35.Kf2 g6
36.b4 Rb1 37.Rc6 Rxb4 38.Bxa6 Rb2+ 39.Kg3 Kg7 40.h4 Ra7 41.Bc8 Rb4 42.Rd6 Rc7
43.Rd7+ Rxd7 44.Bxd7 Rb3 45.Kf2 Kf6 46.f4 Ke7 47.Bg4 Kd6 48.h5 Kd5 49.hxg6 hxg6
50.Bf3+ Kd4 51.g3 Rb2+ 52.Kg1 Ke3 53.Bc6 Rd2 54.Bb7 Rf2 55.Bc6 g5 56.fxg5 Rf5
57.Kg2 Rxg5 58.Bb7 Rb5 59.Bc6 Rb2+ 60.Kg1 Kd4 61.Bf3 Ke5 62.Kf1 Kf5 63.Kg1 Kg5
64.Kf1 Rb1+ 65.Kf2 Rb2+ 66.Kf1 Rb1+ 67.Kf2 Rb2+ 68.Kf1 Rb1+ 69.Kf2  1/2-1/2

[Event "TCh-FRA Top 12 2011"]
[Site "Mulhouse FRA"]
[Date "2011.06.04"]
[Round "10"]
[White "Housieaux,D"]
[Black "Sebag,M"]
[Result "1/2-1/2"]
[WhiteElo "2436"]
[BlackElo "2504"]

1.d4 d5 2.c4 c6 3.Nc3 Nf6 4.e3 e6 5.Nf3 Nbd7 6.Qc2 Bd6 7.Bd3 O-O 8.O-O dxc4
9.Bxc4 a6 10.Rd1 b5 11.Bd3 Qc7 12.Bd2 c5 13.Ne4 c4 14.Nxd6 Qxd6 15.Be2 Bb7
16.b3 Be4 17.Qb2 Rab8 18.Ne5 Rfc8 19.Rac1 Ba8 20.f3 cxb3 21.axb3 Qb6 22.Rxc8+ Rxc8
23.Rc1 Rc7 24.Qa3 Rxc1+ 25.Qxc1 Qb7 26.Nxd7 Qxd7 27.Qc5 h6 28.Bb4 Qd8 29.e4 Bb7
30.Bd3 Nd7 31.Qd6 Qc8 32.Bc5 e5 33.b4 exd4 34.Bxd4 Nf8 35.Bc5 Ne6 36.e5 a5
37.Bxb5 axb4 38.Bxb4 Qc1+ 39.Kf2 Qc2+ 40.Kg3 Qg6+ 41.Kf2 Qc2+ 42.Kg3 Bd5  1/2-1/2

[Event "TCh-BIH 2011"]
[Site "Neum BIH"]
[Date "2011.06.04"]
[Round "1.4"]
[White "Tesic,D"]
[Black "Miljkovic,Mir1"]
[Result "0-1"]
[WhiteElo "2390"]
[BlackElo "2506"]

1.d4 d5 2.Nf3 Nf6 3.c4 c6 4.Nc3 e6 5.e3 Nbd7 6.Bd3 dxc4 7.Bxc4 b5 8.Bd3 Bd6
9.O-O O-O 10.Ne4 Nxe4 11.Bxe4 Bb7 12.a4 b4 13.b3 f5 14.Bd3 c5 15.Bb2 Qe7
16.Qe2 cxd4 17.exd4 Nf6 18.Ne5 Nd5 19.Qd2 Bxe5 20.dxe5 Rfd8 21.Rfd1 Rac8
22.Rac1 Nc3 23.Bxc3 bxc3 24.Qc2 Qg5 25.g3 Bf3 26.Re1 Bd5 27.Rcd1 Qg4 28.Be2 Qb4
29.Rxd5 Rxd5 30.Bc4 Rxc4 31.bxc4 Qxc4 32.Re3 Rc5 33.h4 h6 34.h5 Kh7 35.Kg2 Qd4
36.Kh2 Qd2 37.Qxd2 cxd2 38.Rd3 Rd5  0-1

[Event "18th Ratten Open"]
[Site "Ratten AUT"]
[Date "2011.06.04"]
[Round "4.1"]
[White "Peinhopf,R"]
[Black "Diermair,A"]
[Result "0-1"]
[WhiteElo "2087"]
[BlackElo "2435"]

1.d4 d5 2.c4 e6 3.Nc3 c6 4.e3 Nf6 5.Nf3 Nbd7 6.Bd3 dxc4 7.Bxc4 b5 8.Bd3 Bb7
9.O-O a6 10.Ne4 c5 11.Nxc5 Nxc5 12.dxc5 Bxc5 13.a3 O-O 14.b4 Bd6 15.Bb2 Rc8
16.Be2 Qe7 17.Rc1 Rxc1 18.Qxc1 Ne4 19.Qa1 f6 20.Rd1 Rd8 21.g3 e5 22.h4 Qe6
23.Bc3 Qf5 24.Qb1 Kf8 25.Be1 Nxg3 26.fxg3 Be4 27.Qb3 Bxf3 28.Bxf3 Qxf3 29.Bf2 Ke7
30.Qd5 Qxd5 31.Rxd5 e4 32.Rd4 f5 33.Rd1 Be5 34.Rb1 Rd3 35.a4 bxa4 36.b5 Rb3
37.Rd1 Rxb5  0-1

[Event "29th Liechtenstein Open"]
[Site "Triesen LIE"]
[Date "2011.06.04"]
[Round "9.14"]
[White "Ballon,G"]
[Black "Nussbaumer,Leon"]
[Result "1-0"]
[WhiteElo "2208"]
[BlackElo "1890"]

1.d4 d5 2.c4 c6 3.Nc3 Nf6 4.Nf3 e6 5.e3 Nbd7 6.Qc2 Bd6 7.b3 O-O 8.Bd3 e5
9.cxd5 cxd5 10.dxe5 Nxe5 11.Nxe5 Bxe5 12.Bb2 Be6 13.h3 Rc8 14.O-O d4 15.exd4 Bxd4
16.Qd2 Be5 17.Rfd1 Bb8 18.Ne4 Nxe4 19.Bxe4 Qc7 20.g3 Bxh3 21.Bxg7 Kxg7 22.Qg5+ Kh8
23.Qf6+ Kg8 24.Bxh7+ Kxh7 25.Rd4 Qxg3+ 26.fxg3 Bxg3 27.Rh4+ Bxh4 28.Qxh4+ Kg6
29.Qxh3 f5 30.Rd1 Rf6 31.Rd2 Rc1+ 32.Kh2 f4 33.Qg4+ Kh6 34.Rd5 Rc2+ 35.Kh3 Rc3+
36.Kh4  1-0

[Event "38th OKU 2011"]
[Site "Utrecht NED"]
[Date "2011.06.04"]
[Round "3.21"]
[White "Bodicker,R"]
[Black "Van den Heuvel,T"]
[Result "0-1"]
[WhiteElo "2060"]
[BlackElo "1934"]

1.d4 d5 2.c4 c6 3.Nf3 e6 4.e3 Nf6 5.Nc3 Nbd7 6.Bd3 dxc4 7.Bxc4 b5 8.Bd3 Bb7
9.O-O a6 10.e4 c5 11.d5 c4 12.dxe6 fxe6 13.Bc2 Qb6 14.e5 Nd5 15.Nxd5 Bxd5
16.Bf4 Bxf3 17.Qxf3 O-O-O 18.b3 cxb3 19.Bxb3 Kb8 20.a4 Nc5 21.Rfd1 Rxd1+
22.Rxd1 Nxb3 23.Qxb3 Bc5 24.Bg3 Rf8 25.Qc2 b4 26.h3 a5 27.Kh1 Bxf2 28.Rd6 Qc5
29.Qd2 Bxg3 30.Rd8+ Rxd8 31.Qxd8+ Kb7 32.Qd7+ Kb6 33.Qd8+ Qc7 34.Qd4+ Kb7  0-1

[Event "TCh-BUL GpA Men"]
[Site "Albena BUL"]
[Date "2011.06.05"]
[Round "4.4"]
[White "Grigorov,G"]
[Black "Georgiev,Vl"]
[Result "1-0"]
[WhiteElo "2497"]
[BlackElo "2574"]

1.d4 Nf6 2.c4 e6 3.Nf3 d5 4.Nc3 c6 5.e3 a6 6.b3 Nbd7 7.Bd3 Bb4 8.Bb2 O-O
9.O-O b5 10.a3 Bxc3 11.Bxc3 bxc4 12.bxc4 a5 13.Ne5 Nxe5 14.dxe5 Ne4 15.Bxe4 dxe4
16.Qxd8 Rxd8 17.Rfd1 Ba6 18.Rxd8+ Rxd8 19.Bxa5 Rd3 20.c5 Rd5 21.Rb1 h5 22.Bb6 Rxe5
23.h4 Rd5 24.Rb4 f5 25.Ra4 Rd1+ 26.Kh2 Bd3 27.Ra8+ Kf7 28.a4 Rd2 29.Kg3 e5
30.Bc7 Ke6 31.Bd6 Kd5 32.Re8 f4+ 33.exf4 exf4+ 34.Bxf4 Ra2 35.Re5+ Kc4 36.Rxh5 Rxa4
37.Be3 Ra7 38.Rh7 Rf7 39.Rh5 Bc2 40.Re5 Rf6 41.h5 Rf7 42.Kh4 Kd3 43.Re6 Ba4
44.g4 Rc7 45.g5 Bb3 46.Rd6+ Ke2 47.g6 Bd5 48.h6 gxh6 49.Kh5 Rc8 50.g7 Kd3
51.Kxh6 Kc4 52.Rf6 Ra8 53.Rf8 Ra1 54.g8=Q Rh1+ 55.Kg7 Rg1+ 56.Kh8  1-0